000 00654nam a2200205Ia 4500
003 GCL
008 140319s9999 xx 000 0 ara d
040 _aGCL /
_cGCL
082 0 4 _a620.112
_bا م
100 1 _aابراهيم على الدرويش
245 1 0 _aمقاومة واختيار المواد 2ج (جزئين) /
_cابراهيم على الدرويش
700 1 _aعبدالوهاب محمد عوض
260 _a[S.N] :
_bدار الراتب الجامعية
490 _a
650 0 4 _aالمواد الهندسية
650 0 4 _aمقاومة المواد
650 0 4 _aالمواد
650 0 4 _aالاخبار
942 _2ddc
_cBK
999 _c54575
_d54575